La galería Nacional de Bellas Artes / (Registro nro. 59130)
[ vista simple ]
| 000 -CABECERA | |
|---|---|
| campo de control de longitud fija | 01466nab a2200265 i 4500 |
| 003 - IDENTIFICADOR DEL NÚMERO DE CONTROL | |
| campo de control | DO-SdBNP |
| 005 - FECHA Y HORA DE LA ÚLTIMA TRANSACCIÓN | |
| campo de control | 20250603114330.0 |
| 007 - CAMPO FIJO DE DESCRIPCIÓN FÍSICA--INFORMACIÓN GENERAL | |
| campo de control de longitud fija | ta |
| 008 - DATOS DE LONGITUD FIJA--INFORMACIÓN GENERAL | |
| campo de control de longitud fija | 250603e1993 dr bn|p|r||||||0| | spa d |
| 040 ## - FUENTE DE LA CATALOGACIÓN | |
| Centro catalogador/agencia de origen | DO-SdBNP |
| Lengua de catalogación | spa |
| Centro/agencia transcriptor | BNPHU |
| Normas de descripción | rda |
| 041 ## - CÓDIGO DE LENGUA | |
| Código de lengua original | spa |
| 100 ## - ENTRADA PRINCIPAL--NOMBRE DE PERSONA | |
| Nombre de persona | Tolentino, Marianne de, |
| Fechas asociadas al nombre | 1951- |
| 9 (RLIN) | 73333 |
| 245 ## - MENCIÓN DE TÍTULO | |
| Título | La galería Nacional de Bellas Artes / |
| Mención de responsabilidad, etc. | Marianne de Tolentino. |
| 264 ## - PRODUCCIÓN, PUBLICACIÓN, DISTRIBUCIÓN, FABRICACIÓN Y COPYRIGHT | |
| Producción, publicación, distribución, fabricación y copyright | Santo Domingo, República Dominicana : |
| Nombre del de productor, editor, distribuidor, fabricante | Dirección General de Bellas Artes, |
| Fecha de producción, publicación, distribución, fabricación o copyright | 1993. |
| 300 ## - DESCRIPCIÓN FÍSICA | |
| Extensión | página 8 : |
| Otras características físicas | ilustraciones, pintura ; |
| Dimensiones | 28 cm. |
| 310 ## - PERIODICIDAD ACTUAL | |
| Periodicidad actual | Bimestral. |
| 336 ## - TIPO DE CONTENIDO | |
| Término de tipo de contenido | texto |
| Código de tipo de contenido | txt |
| Fuente | rdacontent |
| 337 ## - TIPO DE MEDIO | |
| Nombre/término del tipo de medio | sin mediación |
| Código del tipo de medio | n |
| Fuente | rdamedia |
| 338 ## - TIPO DE SOPORTE | |
| Nombre/término del tipo de soporte | volumen |
| Código del tipo de soporte | nc |
| Fuente | rdacarrier |
| 362 ## - FECHAS DE PUBLICACIÓN Y/O DESIGNACIÓN SECUENCIAL | |
| Fecha de publicación y/o designación secuencial | Año 3. No. 7 enero-febrero, 1993). |
| 521 ## - NOTA DE PÚBLICO DESTINATARIO | |
| Nota de público destinatario | En 1963, la profesora museóloga y poeta, Aida Cartagena Portalatín, escribía: "Hoy, en la segunda mitad del siglo XX, nos encontramos en la Galeria Nacional del Palacio de Bellas Artes. La reinstalación y apertura de nuevas salas ofrecen un panorama más amplio al visitante y al estudioso. Reflejan a su manera, el conjunto de disciplinas que son la base principal de nuestras artes plásticas". A continuación, la importante intelectual dominicana explicaba cómo había organizado las distintas salas. |
| 650 #0 - PUNTO DE ACCESO ADICIONAL DE MATERIA--TÉRMINO DE MATERIA | |
| Término de materia o nombre geográfico como elemento de entrada | Bellas artes |
| 9 (RLIN) | 62514 |
| Subdivisión de forma | Publicaciones periódicas |
| Subdivisión general | Galería |
| Subdivisión geográfica | República Dominicana |
| 773 0# - ENLACE AL DOCUMENTO FUENTE/ENTRADA DE REGISTRO ANFITRIÓN | |
| Número bibliográfico anfitrión | 36604 |
| Número de ítem anfitrión | 278916 |
| Otro identificador del documento | 37114-3-7-I |
| Título | Auditorium. |
| Número de control del registro | (DO-SdBNP)000037114 |
| 942 ## - ELEMENTOS DE PUNTO DE ACCESO ADICIONAL (KOHA) | |
| Fuente del sistema de clasificación o colocación | Dewey Decimal Classification |
| Tipo de ítem Koha | Publicación periódica |
No hay ítems disponibles.
